Curriculum adjustments for the mentally retarded. (Record no. 22133)
[ view plain ]
| 000 -LEADER | |
|---|---|
| fixed length control field | 00917cam a22002411 4500 |
| 001 - CONTROL NUMBER | |
| control field | e 50000030 |
| 003 - CONTROL NUMBER IDENTIFIER | |
| control field | DLC |
| 005 - DATE AND TIME OF LATEST TRANSACTION | |
| control field | 20260227111234.0 |
| 008 - FIXED-LENGTH DATA ELEMENTS--GENERAL INFORMATION | |
| fixed length control field | 720208s1950 xx 000 0 eng |
| 010 ## - LIBRARY OF CONGRESS CONTROL NUMBER | |
| LC control number | e 50000030 |
| 035 ## - SYSTEM CONTROL NUMBER | |
| System control number | (OCoLC)236528 |
| 040 ## - CATALOGING SOURCE | |
| Original cataloging agency | DLC |
| Transcribing agency | ODaWU |
| Modifying agency | DLC |
| 050 00 - LIBRARY OF CONGRESS CALL NUMBER | |
| Classification number | L111 |
| Item number | .A6 1950, no. 2 |
| 051 ## - LIBRARY OF CONGRESS COPY, ISSUE, OFFPRINT STATEMENT | |
| Classification number | LC4601 |
| Item number | .M3 1950 |
| 100 1# - MAIN ENTRY--PERSONAL NAME | |
| Personal name | Martens, Elise H. |
| Fuller form of name | (Elise Henrietta), |
| Dates associated with a name | 1887- |
| 245 10 - TITLE STATEMENT | |
| Title | Curriculum adjustments for the mentally retarded. |
| 250 ## - EDITION STATEMENT | |
| Edition statement | Rev., 2d ed. |
| 260 ## - PUBLICATION, DISTRIBUTION, ETC. | |
| Name of publisher, distributor, etc. | Federal Security Agency, Office of Education, |
| Date of publication, distribution, etc. | 1950. |
| 300 ## - PHYSICAL DESCRIPTION | |
| Extent | 100 p. |
| 410 10 - SERIES STATEMENT/ADDED ENTRY--CORPORATE NAME [OBSOLETE, CAN/MARC], [LOCAL, USA] | |
| Corporate name or jurisdiction name as entry element | United States. |
| Subordinate unit | Office of Education. |
| Title of a work | Bulletin, 1950, |
| Volume number/sequential designation | no.00002 |
| 501 ## - WITH NOTE | |
| With note | Copies 1 and 2 of L111.A6 with: 102 motion pictures on democracy / Seerley Reid. Washington : U.S. Govt. Print. Off., 1950. Bound together subsequent to publication. |
| Institution to which field applies | DLC |
| 650 #0 - SUBJECT ADDED ENTRY--TOPICAL TERM | |
| Topical term or geographic name entry element | Children with mental disabilities |
| General subdivision | Education. |
No items available.